|
|
|
|
| LEADER |
00000nas a22000007i 4500 |
| 001 |
ssj0012646 |
| 003 |
WaSeSS |
| 005 |
20200512172242.0 |
| 006 |
m d |
| 007 |
cr n |
| 008 |
991113c19799999tnuqr p s o 0 a0eng |
| 010 |
|
|
|a 2014271456
|
| 015 |
|
|
|a GBB556384
|2 bnb
|
| 016 |
7 |
|
|a 017031317
|2 Uk
|
| 022 |
|
|
|a 2376-4791
|y 0739-5329
|
| 035 |
|
|
|a (WaSeSS)ssj0012646
|
| 037 |
|
|
|b Sage Publications, 2455 Teller Rd., Thousand Oaks, CA 91320
|
| 040 |
|
|
|a UV$
|b eng
|c UV$
|d AAA
|d UV$
|d OCLCQ
|d CO3
|d UV0
|d TXJ
|d OCLCQ
|d OCLCO
|d TXA
|d OCLCF
|d DLC
|d OCLCO
|d OCLCQ
|d OCLCA
|d DLC
|d OCLCA
|d KSU
|d OCLCA
|d AU@
|d UKMGB
|d VT2
|d WaSeSS
|
| 042 |
|
|
|a pcc
|a nsdp
|
| 050 |
1 |
4 |
|a PN4700
|b .N515
|
| 082 |
0 |
0 |
|a 070
|2 23
|
| 082 |
0 |
4 |
|a 070/.05
|2 19
|
| 210 |
0 |
|
|a Newsp. res. j.
|b (Online)
|
| 222 |
|
0 |
|a Newspaper research journal
|b (Online)
|
| 245 |
0 |
0 |
|a Newspaper research journal
|h [electronic resource].
|
| 246 |
1 |
|
|a Newsp. res. j.
|
| 246 |
1 |
|
|a NRJ
|
| 260 |
|
|
|a [Memphis] :
|b [Newspaper Division, Association for Education in Journalism],
|c [1979]-
|
| 260 |
3 |
|
|3 <Apr. 2015-> :
|a [Thousand Oaks, Calif.] :
|b [Sage Publications]
|
| 310 |
|
|
|a Quarterly
|
| 362 |
1 |
|
|a Began with: Vol. 1, no. 1 (Nov. 1979).
|
| 500 |
|
|
|a Imprint varies: published: Athens, Ohio, <1990>-
|
| 506 |
|
|
|a License restrictions may limit access.
|
| 515 |
|
|
|a Preceded by a "Prototype edition" dated Apr. 1979.
|
| 550 |
|
|
|a Issued by: Newspaper Division, Association for Education in Journalism, Nov. 1979-<winter 1983>; Newspaper Division, Association for Education in Journalism and Mass Communication, <spring 1983-winter 1994>.
|
| 555 |
|
|
|a Prototype edition (1979)-vol. 5 (1984). 1 v.; v. 6 (1984)-10 (1989). 1 v.
|
| 588 |
|
|
|a Description based on: Vol. 1 (1) (Nov. 1, 1979); title from caption (ProQuest, viewed Dec. 08, 2014).
|
| 588 |
|
|
|a Latest issue consulted: Vol. 35 (3) (summer 2014) (ProQuest, viewed Dec. 08, 2014).
|
| 650 |
|
0 |
|a Newspapers
|v Periodicals.
|
| 650 |
|
0 |
|a Newspapers
|x Research
|v Periodicals.
|
| 650 |
|
0 |
|a Newspaper publishing
|v Periodicals.
|
| 650 |
|
0 |
|a Journalism
|v Periodicals.
|
| 650 |
|
0 |
|a Journalism
|x Study and teaching (Secondary)
|v Periodicals.
|
| 650 |
|
0 |
|a Journalism
|x Study and teaching (Higher)
|v Periodicals.
|
| 650 |
|
7 |
|a Journalism.
|2 fast
|0 (OCoLC)fst00984032
|
| 650 |
|
7 |
|a Journalism
|x Study and teaching (Higher)
|2 fast
|0 (OCoLC)fst00984100
|
| 650 |
|
7 |
|a Journalism
|x Study and teaching (Secondary)
|2 fast
|0 (OCoLC)fst00984103
|
| 650 |
|
7 |
|a Newspaper publishing.
|2 fast
|0 (OCoLC)fst01037081
|
| 650 |
|
7 |
|a Newspapers.
|2 fast
|0 (OCoLC)fst01037111
|
| 650 |
|
7 |
|a Newspapers
|x Research.
|2 fast
|0 (OCoLC)fst01037157
|
| 655 |
|
0 |
|a Electronic journals.
|
| 710 |
2 |
|
|a Association for Education in Journalism.
|b Newspaper Division.
|
| 710 |
2 |
|
|a Association for Education in Journalism and Mass Communication.
|b Newspaper Division.
|
| 776 |
0 |
8 |
|i Print version:
|t Newspaper research journal
|x 0739-5329
|w (DLC) 86647217
|w (OCoLC)6887314
|
| 856 |
4 |
0 |
|z Full text available from Research Library: 01/01/1994 to 12/31/2016
|u https://search.proquest.com/publication/47461
|